|
|
|
|
| LEADER |
00000nab a2200000 a 4500 |
| 001 |
vtls009088026 |
| 003 |
SK-MaSNL |
| 005 |
20260305001810.0 |
| 008 |
250507c2004 xo |r||||||||||00 ||slo |
| 015 |
|
|
|a SNBRA2007/08
|2 snkbucl
|
| 035 |
|
|
|a (sysno)vtls009088026
|
| 035 |
|
|
|a urn:nbn:sk:snk-ab7e03
|
| 035 |
|
|
|a (uuid)71099d1b-e430-42ea-9557-28f12d051a5e
|
| 035 |
|
|
|a (urnnbn)urn:nbn:sk:snk:ar-a07vhv
|
| 038 |
|
|
|a SNKBUCL
|
| 040 |
|
|
|a SNKBUCL
|b slo
|c SNKBUCL
|e AACR2
|
| 041 |
0 |
|
|a cze
|b eng
|
| 044 |
|
|
|a xo
|c SK
|
| 080 |
|
|
|a 719:711.4
|x (437.1/.3)
|2 2001
|
| 080 |
|
|
|a 904:711.4
|x 437.1/.3)
|2 2001
|
| 080 |
|
|
|a 061(100):001:008:37
|2 2001
|
| 100 |
1 |
|
|a Mrázek, Jiří,
|d 1957-
|4 aut
|9 105200
|
| 245 |
1 |
0 |
|a Kutná Hora, sledování památky UNESCO
|c Jiří Mrázek
|
| 300 |
|
|
|b Fotogr.
|
| 546 |
|
|
|a Res. angl.
|
| 630 |
0 |
7 |
|a Zoznam svetového kultúrneho a prírodného dedičstva UNESCO
|2 snkbucl
|9 183179
|
| 650 |
0 |
7 |
|a kultúrne pamiatky
|2 snkbucl
|9 2862
|
| 650 |
0 |
7 |
|a svetové kultúrne dedičstvo
|2 snkbucl
|9 94162
|
| 651 |
|
7 |
|a Kutná Hora (Česko)
|2 snkbucl
|9 198184
|
| 773 |
0 |
|
|t Monumentorum tutela. Ochrana pamiatok 15
|d Bratislava : Pamiatkový úrad Slovenskej republiky, 2004
|g S. 70-75
|z 8089175082
|
| 850 |
|
|
|a Slovenská národná knižnica
|
| 852 |
|
|
|a Slovenská národná knižnica
|
| 958 |
|
|
|a article27
|
| 958 |
|
|
|a CZ
|
| 958 |
|
|
|a OND
|
| 958 |
|
|
|a EUIPO
|
| 999 |
|
|
|c 3221321
|d 3223251
|